| 000 | 00574nam a2200181Ia 4500 | ||
|---|---|---|---|
| 008 | 151202s9999||||xx |||||||||||||| ||und|| | ||
| 082 | _bPNVM-46194 | ||
| 100 | _aमराठे ह. मो. | ||
| 245 | _aपहिला चहा-भाग-1. | ||
| 260 | _b"पुष्पक प्रकाशन,पुणे." | ||
| 260 | _c2004 | ||
| 300 | _a304 | ||
| 600 | _aमराठे ह. मो. | ||
| 630 | _aपहिला चहा-भाग-1. | ||
| 700 | _aमराठे ह. मो. | ||
| 730 | _aपहिला चहा-भाग-1. | ||
| 942 | _cBOOK | ||
| 999 |
_c1312144 _d1312141 |
||